[Event "Druzynowe Mistrzostwa Polski Juniorow 2018 - II Liga"]
[Site "Szczyrk"]
[Date "1899-12-30"]
[Round "1.72"]
[White "Roszkiewicz, Zofia"]
[Black "Jureczko, Anna"]
[Result "1-0"]
[WhiteTitle "I"]
[BlackTitle "II+"]
[WhiteElo "1265"]
[BlackElo "1204"]

1. e4 e5 2. Nf3 Nc6 3. d4 exd4 4. Nxd4 Nf6 5. Nxc6 bxc6 6. e5 Nd5 7. c4 Nb6 8.
Nc3 Bb7 9. Bd3 Bc5 10. O-O Qe7 11. Re1 O-O-O 12. Qg4 Qf8 13. a3 Re8 14. b4 h5
15. Qf4 Be7 16. c5 Na8 17. Qd2 f6 18. Bf5 Rd8 19. Rd1 fxe5 20. Bxd7+ Kb8 21. Qe3
Bf6 22. Bb2 Qe7 23. Bf5 Bg5 24. Qe2 h4 25. h3 Rhf8 26. Bd3 a5 27. Ba6 Rxd1+ 28.
Rxd1 Rf4 29. Bxb7 Kxb7 30. Ne4 axb4 31. Nxg5 Qxg5 32. Bc1 bxa3 33. Bxf4 exf4 34.
Rb1+ Ka7 35. Qe8 Nb6 36. cxb6+ cxb6 37. Qxc6 Qa5 38. Qc7+ Ka6 39. Qb8 b5 40. Qd6+
Ka7 41. Qc5+ Ka6 42. Qc6+ Qb6 43. Qa8+ Qa7 44. Qxa7+ Kxa7 45. Rxb5 Ka6 46. Rb3
1-0

[Event "Druzynowe Mistrzostwa Polski Juniorow 2018 - II Liga"]
[Site "Szczyrk"]
[Date "1899-12-30"]
[Round "1.73"]
[White "Niemier, Hubert"]
[Black "Miasik, Adrian"]
[Result "1/2-1/2"]
[WhiteTitle "I"]
[BlackTitle "I++"]
[WhiteElo "1748"]
[BlackElo "1918"]

1. d4 d5 2. c4 e6 3. Nc3 c5 4. cxd5 exd5 5. Nf3 Nc6 6. g3 Nf6 7. Bg2 Be7 8. O-O
O-O 9. Bg5 c4 10. Ne5 Be6 11. Re1 h6 12. Be3 Qc7 13. f4 Rad8 14. Bf2 Bb4 15. Qa4
Qa5 16. Qxa5 Bxa5 17. h3 h5 18. Kh2 Bf5 19. Red1 Bxc3 20. bxc3 Ne4 21. Be1 f6
22. Nf3 Rfe8 23. Nh4 Bh7 24. Bf3 g6 25. Ng2 Kg7 26. Rab1 Rd7 27. Rb2 Bg8 28. Bd2
Bf7 29. Rc2 Re6 30. Bc1 Ne7 31. g4 1/2-1/2

[Event "Druzynowe Mistrzostwa Polski Juniorow 2018 - II Liga"]
[Site "Szczyrk"]
[Date "1899-12-30"]
[Round "1.74"]
[White "Ciasnocha, Michal"]
[Black "Chaczynski, Kamil"]
[Result "1-0"]
[WhiteTitle "I"]
[BlackTitle "I"]
[WhiteElo "1723"]
[BlackElo "1823"]

1. d4 Nf6 2. c4 g6 3. Nc3 d5 4. cxd5 Nxd5 5. e4 Nxc3 6. bxc3 Bg7 7. Bc4 O-O 8.
Ne2 c5 9. O-O Nc6 10. Be3 Na5 11. Bd3 Bg4 12. f3 cxd4 13. cxd4 Be6 14. Qa4 a6
15. Nf4 b5 16. Nxe6 fxe6 17. Qa3 Bxd4 18. Bxd4 Qxd4+ 19. Kh1 Rfd8 20. Qxe7 Qd6
21. Qxd6 Rxd6 22. Rfd1 Rad8 23. Be2 Rd2 24. Kg1 Nc4 25. Rxd2 Rxd2 26. Bxc4 bxc4
27. Rc1 Rxa2 28. Rxc4 a5 29. Rc7 a4 30. Ra7 a3 31. h4 Ra1+ 32. Kf2 a2 33. Kg3
Kf8 34. Kf4 h6 35. Ke5 Ke8 36. Kxe6 Kd8 37. e5 Rh1 38. Rxa2 Rxh4 39. Kf6 g5 40.
g4 Rh3 41. Ra3 Rh1 42. Ra8+ Kc7 43. e6 Re1 44. e7 Kd7 45. Rd8+ 1-0

[Event "Druzynowe Mistrzostwa Polski Juniorow 2018 - II Liga"]
[Site "Szczyrk"]
[Date "1899-12-30"]
[Round "1.75"]
[White "Skrzypinski, Jan"]
[Black "Babiarz, Arkadiusz"]
[Result "0-1"]
[WhiteTitle "II"]
[BlackTitle "I++"]
[WhiteElo "1406"]
[BlackElo "1810"]

1. e4 c5 2. Nf3 e6 3. Qe2 Nc6 4. g3 Nf6 5. Bg2 Be7 6. O-O b6 7. c3 Bb7 8. Rd1 O-O
9. d4 d5 10. exd5 exd5 11. Be3 Qc7 12. dxc5 bxc5 13. Nh4 Qe5 14. Nf3 Qf5 15. Bf4
Nh5 16. Be3 Rfe8 17. Ne1 d4 18. Bxc6 Bxc6 19. cxd4 cxd4 20. Rxd4 Bc5 21. Rh4 Qd5
22. Nf3 Bxe3 23. fxe3 Qxf3 24. Qxf3 Bxf3 25. Kf2 g5 26. Rh3 Bg4 0-1

[Event "Druzynowe Mistrzostwa Polski Juniorow 2018 - II Liga"]
[Site "Szczyrk"]
[Date "1899-12-30"]
[Round "1.76"]
[White "Biesiadecki, Adam"]
[Black "Tadych, Olgierd"]
[Result "1-0"]
[WhiteTitle "II"]
[BlackTitle "II"]
[WhiteElo "1415"]
[BlackElo "1235"]

1. d4 d5 2. c4 e6 3. Nc3 Nf6 4. Nf3 Be7 5. Bf4 O-O 6. e3 h6 7. Rc1 Nc6 8. cxd5
Nxd5 9. Nxd5 exd5 10. Bb5 Bd7 11. O-O Rc8 12. Qb3 Nb4 13. Bxd7 Qxd7 14. a3 Nc6
15. Qxb7 Na5 16. Qxa7 Nc4 17. Ne5 Nxe5 18. Bxe5 Rfd8 19. Rxc7 Rxc7 20. Qxc7 Qxc7
21. Bxc7 Rc8 22. Ba5 Rc2 23. Bc3 f5 24. h3 g5 25. a4 Bd6 26. a5 Bb8 27. a6 Ba7
28. Ra1 Kf7 29. Ra5 Bb8 30. g3 Rc1+ 31. Kg2 Ba7 32. Rxd5 Ke6 33. Re5+ Kf6 34.
Rb5 Ra1 35. Ba5 Ke6 36. Rb7 Bxd4 37. exd4 Rxa5 38. Rb6+ Kd5 39. Rxh6 Kxd4 40.
b4 Ra4 41. b5 Kc5 42. b6 Rxa6 43. b7 Rxh6 44. Qb8 Kd5 45. Qb5+ 1-0

[Event "Druzynowe Mistrzostwa Polski Juniorow 2018 - II Liga"]
[Site "Szczyrk"]
[Date "1899-12-30"]
[Round "1.77"]
[White "Niemier, Martyna"]
[Black "Polak, Sylwia"]
[Result "1/2-1/2"]
[WhiteTitle "II"]
[BlackTitle "I"]
[WhiteElo "1144"]
[BlackElo "1519"]

1. d4 d5 2. c4 c6 3. cxd5 cxd5 4. Nc3 Nf6 5. Nf3 e6 6. Bg5 Be7 7. e3 O-O 8. Bd3
h6 9. Bh4 Nc6 10. O-O b6 11. Rc1 Bb7 12. Bg3 Rc8 13. Qe2 Nb4 14. a3 Nxd3 15. Qxd3
Ne4 16. Rc2 Nxg3 17. fxg3 a6 18. Rfc1 b5 19. Ne5 Bd6 20. Na2 Rxc2 21. Qxc2 Bxe5
22. dxe5 Qg5 23. Qc3 Rc8 24. Qd4 Rc4 25. Rxc4 dxc4 26. Nc3 Bd5 27. Qf4 Qg6 28.
e4 Bb7 29. g4 Qg5 30. Qxg5 hxg5 31. Kf2 Kf8 32. Ke3 Ke7 33. g3 Kd7 34. h4 f6 35.
exf6 gxf6 36. h5 Ke7 37. Kd4 e5+ 38. Kc5 Bc8 39. Nd5+ Kf7 40. Ne3 Ke7 1/2-1/2

[Event "Druzynowe Mistrzostwa Polski Juniorow 2018 - II Liga"]
[Site "Szczyrk"]
[Date "1899-12-30"]
[Round "1.78"]
[White "Krzanowska, Liliana"]
[Black "Gac-mytych, Sara"]
[Result "0-1"]
[WhiteTitle "I"]
[BlackTitle "III"]
[WhiteElo "1000"]
[BlackElo "1000"]

1. Nf3 Nc6 2. d4 d5 3. c4 Nf6 4. Nc3 e6 5. e3 Bb4 6. a3 Bxc3+ 7. bxc3 O-O 8. Bd3
b6 9. O-O Qd6 10. Rb1 e5 11. dxe5 Nxe5 12. Nxe5 Qxe5 13. Rb3 Ng4 14. g3 Qh5 15.
h4 Qe5 16. cxd5 Nf6 17. c4 Bg4 18. Be2 Bh3 19. Re1 Qe4 20. Bf3 Qxc4 21. e4 Rad8
22. Qd3 Qxd3 23. Rxd3 Bc8 24. Bg5 h6 25. Bxf6 gxf6 26. Rc3 Bb7 27. Rxc7 Rb8 28.
Bh5 a5 29. Re3 b5 30. Rb3 Ba6 31. Rc6 Ra8 32. Rxf6 Rfb8 33. Rxf7 b4 34. a4 Bc4
35. Rb2 b3 36. Rf6 Rb4 37. Bd1 Rab8 38. Rf3 Rxa4 39. Bxb3 Bxb3 40. Rfxb3 Rxb3
41. Rxb3 Rxe4 42. Ra3 a4 43. Kg2 Kf7 44. Kf3 Rb4 45. Kg2 Ke7 46. Rd3 Kd6 47. Ra3
Kxd5 48. Kh3 Kc5 49. Rc3+ Kb5 50. Ra3 Rb3 51. Ra1 a3 52. Ra2 Kb4 53. Ra1 Rb2 54.
Re1 a2 55. Re4+ Ka3 56. Re1 Rb1 57. Re3+ Rb3 58. Re1 Rb1 59. Re3+ Kb2 60. Re2+
Kb3 61. Re3+ Kc4 62. Re4+ Kd5 63. Ra4 Qa1 64. Rxa1 Rxa1 65. f4 Ke6 66. f5+ 0-1

[Event "Druzynowe Mistrzostwa Polski Juniorow 2018 - II Liga"]
[Site "Szczyrk"]
[Date "1899-12-30"]
[Round "1.79"]
[White "Dzwierzynski, Bartosz"]
[Black "Grochol, Kamil"]
[Result "0-1"]
[WhiteTitle "I"]
[BlackTitle "I"]
[WhiteElo "1815"]
[BlackElo "1726"]

1. d4 d5 2. c4 e6 3. Nc3 Nf6 4. cxd5 exd5 5. Bg5 Nbd7 6. e3 Be7 7. Bd3 c6 8. Nf3
Ne4 9. Bxe4 Bxg5 10. Nxg5 Qxg5 11. Bf3 Nb6 12. Qe2 O-O 13. h4 Qe7 14. g4 Re8 15.
O-O-O Nc4 16. g5 Bf5 17. Bg4 Bxg4 18. Qxg4 Qb4 19. Qe2 a5 20. Qc2 a4 21. h5 Re6
22. g6 fxg6 23. h6 Rf6 24. a3 Qb3 25. Rdf1 Qxc2+ 26. Kxc2 gxh6 27. e4 dxe4 28.
Nxe4 Rf4 29. Nc5 Raf8 30. Kc3 Ne3 31. Ne6 Nxf1 32. Nxf4 Rxf4 33. Rxf1 Rf3+ 34.
Kc4 Rb3 35. Rb1 Rb5 36. f4 h5 0-1

[Event "Druzynowe Mistrzostwa Polski Juniorow 2018 - II Liga"]
[Site "Szczyrk"]
[Date "1899-12-30"]
[Round "1.80"]
[White "Oles, Martin"]
[Black "Kiszka, Arkadiusz"]
[Result "1/2-1/2"]
[WhiteTitle "II+"]
[BlackTitle "II"]
[WhiteElo "1488"]
[BlackElo "1592"]

1. e4 c6 2. d4 d5 3. Nc3 dxe4 4. Nxe4 Bf5 5. Ng3 Bg6 6. N1e2 e6 7. Nf4 Nf6 8. h4
Bd6 9. h5 Bf5 10. Nxf5 exf5 11. Qe2+ Kd7 12. Qd3 Qe7+ 13. Be2 Qe4 14. Qxe4 fxe4
15. Be3 Ke7 16. O-O-O Nbd7 17. Rde1 Rhe8 18. c3 b5 19. Kb1 Rac8 20. Bd1 c5 21.
dxc5 Bxc5 22. Bc2 Kf8 23. Bxc5+ Nxc5 24. Re2 Ng4 25. Rhe1 f5 26. f3 Nf6 27. fxe4
Ncxe4 28. g4 Nxg4 29. Bxe4 fxe4 30. Rxe4 Rxe4 31. Rxe4 Nf6 32. Re5 Rb8 33. Kc2
Kf7 34. Rc5 Rb7 35. b3 g6 36. hxg6+ hxg6 37. Rg5 Ne4 38. Rxg6 Rc7 39. Rg7+ Kxg7
40. Ne6+ Kf6 41. Nxc7 Nd6 42. Kd3 Ke7 43. Kd4 Kd7 44. Na6 Kc6 45. Nb4+ Kb6 46.
Kd5 Nb7 47. Nd3 Na5 48. c4 bxc4 49. bxc4 Nc6 50. Kd6 a6 51. Nc5 Nb4 52. Nb3 Nxa2
53. c5+ Kb7 54. c6+ Kc8 55. Na5 Nc3 56. Nc4 Nb5+ 57. Kc5 1/2-1/2

[Event "Druzynowe Mistrzostwa Polski Juniorow 2018 - II Liga"]
[Site "Szczyrk"]
[Date "1899-12-30"]
[Round "1.81"]
[White "Tokarz, Izabela"]
[Black "Jendrowiak, Maciej"]
[Result "1/2-1/2"]
[WhiteTitle "I"]
[BlackTitle "II"]
[WhiteElo "1411"]
[BlackElo "1252"]

1. d4 Nf6 2. c4 e5 3. dxe5 Ng4 4. Nf3 Bc5 5. e3 Nc6 6. Nc3 Ngxe5 7. Nxe5 Nxe5 8.
b3 d6 9. Bb2 Bg4 10. Be2 Bxe2 11. Qxe2 Qd7 12. O-O-O O-O-O 13. Nb5 Rhe8 14. Bd4
Bxd4 15. Rxd4 Nc6 16. Rd2 a6 17. Nc3 Qe6 18. Nd5 Qe5 19. Rb2 Ne7 20. Nxe7+ Rxe7
21. Qd3 g6 22. h3 d5 23. Kb1 Qe4 24. Qxe4 dxe4 25. Re1 Red7 26. Ree2 Rd1+ 27.
Kc2 Rg1 28. g3 Rdd1 29. b4 b5 30. cxb5 axb5 31. Rd2 Rc1+ 32. Kb3 Rc4 33. Rdc2
Rc1 34. Rxc1 Rxc1 35. a4 bxa4+ 36. Kxa4 Kd7 37. Kb5 Ke6 38. Rd2 f5 39. Ka4 c6
40. Kb3 h5 41. h4 1/2-1/2

[Event "Druzynowe Mistrzostwa Polski Juniorow 2018 - II Liga"]
[Site "Szczyrk"]
[Date "1899-12-30"]
[Round "1.82"]
[White "Trybowska, Barbara"]
[Black "Kucharska, Helena"]
[Result "1-0"]
[WhiteTitle "I++"]
[BlackTitle "I"]
[WhiteElo "1755"]
[BlackElo "1322"]

1. d4 d5 2. c4 c6 3. Nf3 Nf6 4. Nc3 a6 5. e3 Bg4 6. Qb3 b6 7. Ne5 e6 8. f3 Bf5
9. g4 Bg6 10. h4 h6 11. Nxg6 fxg6 12. Qc2 Kf7 13. cxd5 Nxd5 14. Nxd5 exd5 15.
Bd3 Qf6 16. Bd2 Bd6 17. O-O-O Nd7 18. g5 hxg5 19. hxg5 Qxg5 20. Rhg1 Qf6 21. Rxg6
Qe7 22. Rdg1 Rhg8 23. e4 Nf8 24. e5 Bxe5 25. dxe5 Nxg6 26. Bxg6+ Kf8 27. Qf5+
1-0

[Event "Druzynowe Mistrzostwa Polski Juniorow 2018 - II Liga"]
[Site "Szczyrk"]
[Date "1899-12-30"]
[Round "1.83"]
[White "Cieslak, Jessica"]
[Black "Wojtowicz, Gabriela"]
[Result "1-0"]
[WhiteTitle "I"]
[BlackTitle "II"]
[WhiteElo "1247"]
[BlackElo "1000"]

1. d4 d5 2. c4 e6 3. Nf3 f5 4. Nc3 Nf6 5. Bg5 c6 6. e3 Bd6 7. Ne5 O-O 8. g4 Qe8
9. gxf5 exf5 10. f4 Ne4 11. Nxe4 fxe4 12. a3 Nd7 13. Rg1 g6 14. Ng4 Be7 15. Nh6+
Kh8 16. h4 Bxg5 17. hxg5 b6 18. b4 a5 19. b5 c5 20. a4 cxd4 21. Qxd4+ Ne5 22.
fxe5 Qe7 23. e6+ Qg7 24. Qxg7+ Kxg7 25. cxd5 Bb7 26. d6 Rfd8 27. Rd1 Rac8 28.
e7 Rh8 29. d7 Ra8 30. Qd8 Raxd8 31. Qexd8 Rxd8 32. Rxd8 Ba8 33. Rg4 Bb7 34. Rf4
Bd5 35. Rd7+ Kh8 36. Rf8+ Bg8 37. Rxg8# 1-0

[Event "Druzynowe Mistrzostwa Polski Juniorow 2018 - II Liga"]
[Site "Szczyrk"]
[Date "1899-12-30"]
[Round "1.84"]
[White "Grzegorski, Michal"]
[Black "Laszczak, Przemyslaw"]
[Result "0-1"]
[WhiteTitle "II"]
[BlackTitle "k"]
[WhiteElo "1416"]
[BlackElo "1990"]

1. e4 c6 2. d4 d5 3. Nc3 dxe4 4. Nxe4 Nd7 5. Nf3 Ngf6 6. Nxf6+ Nxf6 7. Bc4 Bf5
8. Nh4 Bg4 9. f3 Bh5 10. g4 Bg6 11. Nxg6 hxg6 12. c3 Qc7 13. Qe2 e6 14. Be3 Bd6
15. h4 Bg3+ 16. Bf2 O-O-O 17. O-O-O Bxf2 18. Qxf2 Qf4+ 19. Rd2 Rd7 20. Kc2 Rhd8
21. Rhd1 e5 22. Bb3 e4 23. Rf1 Rh8 24. Re2 exf3 25. Qxf3 Qxf3 26. Rxf3 Rxh4 27.
g5 Ne4 28. Rxf7 Nxg5 29. Rxd7 Kxd7 30. Rg2 Rh5 31. Bc4 Nf3 32. Rxg6 Rg5 33. Rxg5
Nxg5 34. Kd3 Ke7 35. Ke3 Kf6 36. Kf4 Nh7 37. d5 cxd5 38. Bxd5 g5+ 39. Kg4 b6 40.
Be4 Nf8 41. Bf5 Ng6 42. Bc2 Ne5+ 43. Kg3 Ke6 44. b3 Nc6 45. Kg4 Kf6 46. a3 Ne7
47. Be4 Ke5 48. Bf3 Nd5 49. c4 Ne3+ 50. Kxg5 Kd4 51. Kf4 Nc2 52. Bc6 Nxa3 53.
Ba4 Kc3 54. Ke4 Kb4 55. Kd3 Nxc4 56. Kc2 Na3+ 57. Kb2 b5 58. Bxb5 Nxb5 59. Ka2
Nd4 60. Kb2 Nxb3 61. Ka2 a5 62. Kb2 a4 63. Ka2 a3 64. Kb1 Nc5 65. Ka2 Ka4 66.
Ka1 Kb3 67. Kb1 Nd3 68. Ka1 Nb4 69. Kb1 a2+ 70. Ka1 Nc2# 0-1

[Event "Druzynowe Mistrzostwa Polski Juniorow 2018 - II Liga"]
[Site "Szczyrk"]
[Date "1899-12-30"]
[Round "1.85"]
[White "Trybus, Daniel"]
[Black "Jedraszek, Pawel"]
[Result "0-1"]
[WhiteTitle "I+"]
[BlackTitle "I"]
[WhiteElo "1793"]
[BlackElo "1507"]

1. Nf3 c5 2. c4 Nf6 3. d4 cxd4 4. Nxd4 d6 5. Nc3 g6 6. e4 Bg7 7. Be2 O-O 8. Be3
Nc6 9. f3 Nxd4 10. Bxd4 Be6 11. O-O a6 12. Nd5 Bxd5 13. cxd5 Rc8 14. Qd2 Nd7 15.
Be3 Nc5 16. Rac1 b5 17. Rc2 Qd7 18. Rfc1 Qb7 19. Qa5 f5 20. b4 Nd7 21. Rc7 Qa8
22. Rxd7 Bd4 23. Qa3 Rxc1+ 24. Qxc1 Qc8 25. Qc6 Bxe3+ 26. Kf1 fxe4 27. Rxe7 exf3
28. Bxf3 Bf4 29. h3 Bg3 30. Re6 Kf7 31. Ke2 Qxc6 32. dxc6 Kxe6 33. Bg4+ Rf5 34.
Kd3 d5 35. Kd4 Bf2+ 0-1

[Event "Druzynowe Mistrzostwa Polski Juniorow 2018 - II Liga"]
[Site "Szczyrk"]
[Date "1899-12-30"]
[Round "1.86"]
[White "Rosinski, Filip"]
[Black "Syrkiewicz, Michal"]
[Result "0-1"]
[WhiteTitle "II"]
[BlackTitle "II+"]
[WhiteElo "1345"]
[BlackElo "1799"]

1. e4 c5 2. Nf3 e6 3. d4 cxd4 4. Nxd4 a6 5. Bd3 Nc6 6. Nxc6 dxc6 7. O-O e5 8. Qe2
Nf6 9. Rd1 Qc7 10. Nc3 Be7 11. Be3 Be6 12. Qd2 O-O 13. f4 exf4 14. Bxf4 Bc5+ 15.
Be3 Bxe3+ 16. Qxe3 Ng4 17. Qg3 Qb6+ 18. Kf1 Ne3+ 19. Ke1 Nxd1 20. Nxd1 Rae8 21.
e5 Qd4 22. Nc3 Bc4 23. Rd1 Bxd3 24. Rxd3 Qxe5+ 25. Kd1 Qxg3 26. Rxg3 Rd8+ 27.
Kc1 Rfe8 28. b3 f5 29. Rf3 g6 30. h4 Re1+ 31. Kb2 Rh1 32. g3 Rh2 33. Na4 Rd5 34.
Nc3 Rdd2 35. Na4 Rxc2+ 36. Kb1 Rcg2 37. Rc3 Rh1+ 0-1

[Event "Druzynowe Mistrzostwa Polski Juniorow 2018 - II Liga"]
[Site "Szczyrk"]
[Date "1899-12-30"]
[Round "1.87"]
[White "Czarnomski, Dominik"]
[Black "Wawrzyniak, Karol"]
[Result "1-0"]
[WhiteTitle "II+"]
[BlackTitle "II"]
[WhiteElo "1454"]
[BlackElo "1222"]

1. e4 e6 2. d4 d5 3. e5 c5 4. c3 Qb6 5. Nf3 Bd7 6. a3 a5 7. Nbd2 a4 8. Bd3 c4 9.
Bc2 Qc7 10. O-O b5 11. Re1 Nc6 12. Nf1 O-O-O 13. Ne3 Na5 14. Bd2 g6 15. Qe2 h5
16. Nf1 Kb8 17. Bg5 Be7 18. Bxe7 Nxe7 19. Ng5 Rdf8 20. Qd2 Qd8 21. Re2 Nf5 22.
Rae1 Nb7 23. Bxf5 gxf5 24. f4 Be8 25. Re3 Rfg8 26. Qe2 h4 27. Nd2 Rg6 28. Rh3
Na5 29. Ndf3 Rgh6 30. Qf2 Nc6 31. Rxh4 Rxh4 32. Nxh4 Ne7 33. Re3 Ng8 34. Nhf3
Qe7 35. Qe2 Nh6 36. h3 Bd7 37. Kf2 Re8 38. Ke1 Ng8 39. Kd2 f6 40. exf6 Nxf6 41.
Ne5 Kc7 42. Nxd7 Kxd7 43. g4 Ne4+ 44. Nxe4 fxe4 45. g5 Rf8 46. Qg4 Qf7 47. g6
Qf6 48. Rg3 Ke8 49. Ke3 Rh8 50. Qg5 Qxg5 51. fxg5 Rg8 52. h4 Rxg6 53. h5 Rg8 54.
g6 Ke7 55. g7 Kf6 56. h6 Kf7 57. Rg1 Kf6 58. h7 Rxg7 59. Qh8 Ke7 60. Qxg7+ Kd6
61. Qe5+ Kc6 62. Qxe6+ 1-0

[Event "Druzynowe Mistrzostwa Polski Juniorow 2018 - II Liga"]
[Site "Szczyrk"]
[Date "1899-12-30"]
[Round "1.88"]
[White "Piotrowska, Florentyna"]
[Black "Nowacka, Dorota"]
[Result "0-1"]
[WhiteTitle "I"]
[BlackTitle "I"]
[WhiteElo "1259"]
[BlackElo "1279"]

1. e4 e6 2. d4 d5 3. e5 c5 4. c3 Nc6 5. Nf3 Qb6 6. a3 c4 7. Be2 Na5 8. Nbd2 Bd7
9. O-O O-O-O 10. Qc2 f6 11. exf6 gxf6 12. h3 Bd6 13. Nh2 f5 14. Nhf3 Nf6 15. Re1
Rhg8 16. Bf1 Bf4 17. Rb1 Bxd2 18. Nxd2 Qd6 19. Nf3 Ne4 20. Nd2 Be8 21. Nxe4 fxe4
22. Qe2 Bg6 23. Qe3 Rdf8 24. Be2 Nb3 25. Bd1 Rf6 26. Bxb3 cxb3 27. Ra1 Bh5 28.
Qd2 Bf3 29. g3 Rfg6 30. Qf4 Qe7 31. Kh2 h5 32. Rg1 Rf8 33. Qe3 Qf6 34. Bd2 Kb8
35. Qf4+ Ka8 36. Qxf6 Rgxf6 37. Be3 Be2 38. Rge1 Bf3 39. a4 Rc8 40. Ra3 Rc4 41.
Rea1 Be2 42. Rxb3 Bd3 43. Rba3 a5 44. Kg1 Ka7 45. Bg5 Rf3 46. h4 Rc6 47. Rd1 Bc2
48. Rd2 Bd3 49. Ra1 Rc4 50. Bd8 b6 51. Bg5 Kb7 52. Be3 Kc6 53. Kh2 Kd7 54. Ra3
Kc6 55. Kg2 Rf7 56. Bg5 Kb7 57. Bd8 Kc6 58. Rb3 Rb7 59. Ra3 Kd7 60. Bg5 Ke8 61.
Bf4 Kd8 62. Ra1 Rf7 63. Kh3 Rg7 64. Bg5+ Kd7 65. g4 hxg4+ 66. Kxg4 Rc8 67. f3
Rf8 68. f4 Rf5 69. h5 Bc4 70. h6 Rh7 71. Kh5 Rff7 72. Ra3 e3 73. Rh2 e2 74. Ra1
Bd3 75. Rh3 Bc2 76. Re3 Bd1 77. b4 Qe1+ 0-1

[Event "Druzynowe Mistrzostwa Polski Juniorow 2018 - II Liga"]
[Site "Szczyrk"]
[Date "1899-12-30"]
[Round "1.89"]
[White "Ziolo, Oliwia"]
[Black "Jedrzejewska, Zuzanna"]
[Result "1-0"]
[WhiteTitle "I"]
[BlackTitle "I"]
[WhiteElo "1130"]
[BlackElo "1242"]

1. e4 c5 2. Nf3 d6 3. g3 Nf6 4. d3 h6 5. Bg2 e5 6. h3 Be6 7. Be3 Be7 8. Nbd2 Nbd7
9. O-O O-O 10. Nh2 Qc8 11. f4 exf4 12. gxf4 Nb6 13. f5 Bd7 14. Ng4 Kh7 15. Kh1
Qd8 16. Rg1 Nxg4 17. Qxg4 Bg5 18. Bf1 Bf6 19. c3 Na4 20. Rb1 b5 21. Bg2 Bc6 22.
Nf1 Rg8 23. Ng3 Bg5 24. Bf4 Rb8 25. Nh5 Qe7 26. Bf3 f6 27. Qg3 Rbd8 28. h4 Bxf4
29. Nxf4 Be8 30. Bh5 Bxh5 31. Nxh5 Nb6 32. Qg6+ Kh8 33. Nf4 Nd7 34. Rg2 Ne5 35.
Qg3 Qf7 36. Rbg1 Rd7 37. Ne6 a5 38. d4 cxd4 39. cxd4 Nc6 40. Qc3 Nd8 41. Nxd8
Rdxd8 42. Qxa5 Qc4 43. Qa7 Ra8 44. Qb7 Rab8 45. Qa7 Ra8 46. Qb6 Qxa2 47. Qxd6
Qa7 48. e5 Rad8 49. Qe6 Qxd4 50. exf6 Qxh4+ 51. Rh2 Qd4 52. fxg7+ Rxg7 53. Rxh6+
Rh7 54. Rxh7+ Kxh7 55. Qg6+ Kh8 56. Qh6# 1-0

[Event "Druzynowe Mistrzostwa Polski Juniorow 2018 - II Liga"]
[Site "Szczyrk"]
[Date "1899-12-30"]
[Round "1.90"]
[White "Nowak, Mikolaj"]
[Black "Gazda, Dominik"]
[Result "1-0"]
[WhiteTitle "I++"]
[BlackTitle "I"]
[WhiteElo "2015"]
[BlackElo "1567"]

1. c4 Nf6 2. Nc3 g6 3. Nf3 Bg7 4. g3 c6 5. e4 d5 6. cxd5 cxd5 7. e5 Ne4 8. Bg2
Nc6 9. d4 Qa5 10. Qb3 Nxc3 11. bxc3 O-O 12. O-O Rd8 13. Bd2 Qc7 14. Bf4 Na5 15.
Qb2 e6 16. Nd2 b6 17. Bg5 Re8 18. f4 Ba6 19. Rf3 Rac8 20. Re1 Qd7 21. g4 Rc7 22.
Ree3 Qa4 23. Rh3 Nc4 24. Nxc4 Bxc4 25. Qd2 Qxa2 26. Qe1 Qc2 27. Qh4 h5 28. gxh5
Qd1+ 29. Re1 Qxh5 30. Qg3 1-0

[Event "Druzynowe Mistrzostwa Polski Juniorow 2018 - II Liga"]
[Site "Szczyrk"]
[Date "1899-12-30"]
[Round "1.91"]
[White "Jaszczuk, Mateusz"]
[Black "Leskiewicz, Ignacy"]
[Result "0-1"]
[WhiteTitle "II+"]
[BlackTitle "I+"]
[WhiteElo "1393"]
[BlackElo "1856"]

1. c4 e5 2. Nc3 Nc6 3. Nf3 g6 4. g3 Bg7 5. Bg2 Nge7 6. O-O O-O 7. d3 d6 8. Rb1
f5 9. Bd2 h6 10. b4 Qe8 11. b5 Nd8 12. Ne1 Ne6 13. Nc2 f4 14. Nb4 g5 15. Nbd5
g4 16. Nxe7+ Qxe7 17. Nd5 Qe8 18. a4 Qh5 19. Be4 Rf7 20. Nc3 f3 21. exf3 gxf3
22. a5 Nd4 23. h4 Qg4 0-1

[Event "Druzynowe Mistrzostwa Polski Juniorow 2018 - II Liga"]
[Site "Szczyrk"]
[Date "1899-12-30"]
[Round "1.92"]
[White "Klimkowski, Jan"]
[Black "Kucza, Kamil"]
[Result "1-0"]
[WhiteTitle "I"]
[BlackTitle "II"]
[WhiteElo "1898"]
[BlackElo "1000"]

1. e4 e5 2. Nf3 Nc6 3. Bb5 d6 4. d4 exd4 5. Nxd4 Bd7 6. O-O a6 7. Nxc6 Bxc6 8.
Bxc6+ bxc6 9. f4 d5 10. e5 Bc5+ 11. Kh1 Ne7 12. Qg4 O-O 13. f5 Nxf5 14. Qxf5 Qh4
15. Nd2 f6 16. Nf3 Qe4 17. Qe6+ Kh8 18. Qxc6 Bb6 19. exf6 gxf6 20. Bh6 Qg6 21.
Bxf8 Rxf8 22. Qxd5 Rg8 23. Nh4 Qxc2 24. Qf5 Qxb2 25. Rab1 Qxa2 26. Qxf6+ Rg7 27.
Rxb6 cxb6 28. Qd8+ Qg8 29. Rf8 b5 30. Nf5 Rg5 31. Qf6+ Rg7 32. Qxg7# 1-0

[Event "Druzynowe Mistrzostwa Polski Juniorow 2018 - II Liga"]
[Site "Szczyrk"]
[Date "1899-12-30"]
[Round "1.93"]
[White "Guzik, Michal"]
[Black "Radoch, Filip"]
[Result "0-1"]
[WhiteTitle "II"]
[BlackTitle "II"]
[WhiteElo "1188"]
[BlackElo "1128"]

1. e4 c5 2. Nf3 Nc6 3. d4 cxd4 4. Nxd4 g6 5. Nc3 Bg7 6. Be3 Nf6 7. f3 a6 8. Qd2
O-O 9. O-O-O d6 10. g4 Qa5 11. Nb3 Qc7 12. h4 Ne5 13. Be2 Be6 14. Bh6 Bc4 15.
Bxg7 Kxg7 16. g5 Nh5 17. f4 Bxe2 18. Nxe2 Nc4 19. Qc3+ Kg8 20. Ng3 Nxf4 21. Nd2
Rac8 22. Qf3 Nxd2 23. Rxd2 e5 24. h5 Rcd8 25. h6 Rfe8 26. Ne2 Nxe2+ 27. Rxe2 Qe7
28. Rf1 Qxg5+ 29. Kb1 Qe7 30. Ref2 Rf8 31. Rg2 Qe6 32. Qg3 d5 33. exd5 Qxd5 34.
Rgg1 e4 35. a3 Rfe8 36. Qc7 e3 37. Qc3 Qe5 38. Qb3 Re7 39. Qb6 Qd6 40. Qa5 e2
41. Re1 Qd2 42. Qb6 Rdd7 43. Qf6 Qxh6 44. Qf2 Qe3 45. Qh2 Qf3 46. Rh1 h5 47. Qb8+
Kg7 48. Qc8 Rd1+ 49. Ka2 Rxe1 50. Rxe1 Qf2 0-1

[Event "Druzynowe Mistrzostwa Polski Juniorow 2018 - II Liga"]
[Site "Szczyrk"]
[Date "1899-12-30"]
[Round "1.94"]
[White "Waligora, Julia"]
[Black "Uliasz, Katarzyna"]
[Result "1/2-1/2"]
[WhiteTitle "I"]
[BlackTitle "I"]
[WhiteElo "1424"]
[BlackElo "1236"]

1. e4 e5 2. Nf3 Nf6 3. Nxe5 d6 4. Nf3 Nxe4 5. Nc3 Nxc3 6. dxc3 Be7 7. Be3 Bg4 8.
Bd3 Nc6 9. h3 Bh5 10. Be2 Bg6 11. Qd2 Ne5 12. O-O-O f6 13. Nd4 Bf7 14. f4 Nc4
15. Bxc4 Bxc4 16. Rhe1 Qd7 17. g4 g6 18. Qf2 O-O-O 19. f5 Rde8 20. Bd2 Bd8 21.
b3 Bf7 22. Ne6 b6 23. Qf3 c6 24. Bf4 d5 25. c4 Bxe6 26. fxe6 Rxe6 27. Rxe6 Qxe6
28. cxd5 cxd5 29. Rxd5 Bc7 30. Qc3 Qf7 31. Rd1 Kb8 32. Bxc7+ Qxc7 33. Qxf6 Rc8
34. Qd6 Qxd6 35. Rxd6 Rc3 36. Rd3 Rc7 37. Kd2 Re7 38. a3 Kc7 39. Rd4 Kc6 40. Kd3
Kc5 41. c4 Rf7 42. Rd5+ Kc6 43. Ke4 Re7+ 44. Re5 Rf7 45. Rd5 Re7+ 46. Kf4 Rf7+
47. Ke4 1/2-1/2

[Event "Druzynowe Mistrzostwa Polski Juniorow 2018 - II Liga"]
[Site "Szczyrk"]
[Date "1899-12-30"]
[Round "1.96"]
[White "Markiewicz, Krzysztof"]
[Black "Poziomkowski, Szymon"]
[Result "0-1"]
[WhiteTitle "II"]
[BlackTitle "I"]
[WhiteElo "1438"]
[BlackElo "1767"]

1. e4 c5 2. Nf3 e6 3. d4 cxd4 4. Nxd4 a6 5. Bd3 Nf6 6. O-O Qc7 7. Nc3 b5 8. a3
Bb7 9. Re1 d6 10. Bg5 Nbd7 11. Bh4 Be7 12. Bg3 h5 13. h3 h4 14. Bh2 Ne5 15. Nf3
Nfd7 16. Nxe5 dxe5 17. Qd2 O-O 18. a4 b4 19. Na2 a5 20. b3 Nc5 21. Rab1 Rfd8 22.
Qe2 Rd4 23. f3 Rad8 24. Red1 Nxd3 25. cxd3 Ba6 26. Nc1 Bf6 27. Kh1 Bg5 28. Bg1
R4d6 29. Be3 Bxe3 30. Qxe3 Qc2 31. Ne2 Rxd3 32. Qf2 Rxd1+ 33. Rxd1 Rxd1+ 34. Kh2
Qxe2 35. Qxh4 Rd2 36. Qg3 Qf2 37. Qxf2 Rxf2 38. Kg1 Rb2 39. g4 Rxb3 40. Kg2 Rd3
41. h4 b3 42. h5 b2 43. g5 Qb1 0-1

[Event "Druzynowe Mistrzostwa Polski Juniorow 2018 - II Liga"]
[Site "Szczyrk"]
[Date "1899-12-30"]
[Round "1.97"]
[White "Fiszer, Bartosz"]
[Black "Szczepanski, Grzegorz"]
[Result "1-0"]
[WhiteTitle "CM"]
[BlackTitle "III"]
[WhiteElo "2011"]
[BlackElo "1184"]

1. e4 e5 2. Nf3 Nc6 3. Bb5 a6 4. Ba4 d6 5. O-O Bd7 6. c3 Nf6 7. Re1 Be7 8. d4 b5
9. Bc2 O-O 10. Nbd2 Bg4 11. d5 Nb8 12. a4 Nbd7 13. h3 Bh5 14. Nf1 Nc5 15. Ng3
Bg6 16. Nh4 Rb8 17. axb5 axb5 18. Nhf5 Qd7 19. b4 Nb7 20. h4 h5 21. Bg5 Bd8 22.
Bxf6 Bxf6 23. Nxh5 Bxh5 24. Qxh5 g6 25. Qh6 Qd8 26. Re3 Bh8 27. h5 g5 28. Rg3
Qf6 29. Rxg5+ 1-0